| 000 | 00416nam a22001457a 4500 | ||
|---|---|---|---|
| 005 | 20150522101037.0 | ||
| 008 | 150522b xxu||||| |||| 00| 0 eng d | ||
| 040 | _cPK-LaUMT | ||
| 082 |
_aKHC 297.814 _bABU-C |
||
| 100 | _aابوعلی اثری | ||
| 245 |
_aچندرجال اہلحدیث _cابوعلی اثری |
||
| 260 |
_aگوجرانوالہ _bندوۃ المحدثین _c1986 |
||
| 300 | _a192 ص | ||
| 942 | _cBK | ||
| 999 |
_c72107 _d72107 |
||